Kanálníčci zachraňují svět /
Další příběhy strašidýlek z podzemí. Tentokrát pomáhají paní Bídě zachránit její kabelku a místo toho možná zachrání něco úplně jiného.
Uloženo v:
| Série: | Kanálníčci,
část |
|---|---|
| Hlavní autor: | |
| Další autoři: | |
| Médium: | E-kniha |
| Jazyk: | Czech |
| Vydáno: |
V Praze :
Mladá fronta,
2025
|
| Vydání: | 1. vydání |
| Témata: | |
| Příbuzné jednotky: | Z cyklu::
Kanálníčci |
| Tagy: |
Žádné tagy |
| LEADER | 02564nam a2200481 i 4500 | ||
|---|---|---|---|
| 001 | 312724 | ||
| 003 | CZ PrSKC | ||
| 005 | 20260601215727.0 | ||
| 007 | ta | ||
| 008 | 250507s2025 xr a b 000 j cze | ||
| 015 | |a cnb003683703 | ||
| 020 | |a 9788020464729 |q (vázáno) : |c Kč 349,00 | ||
| 035 | |a (OCoLC)1527577381 | ||
| 040 | |a ABG001 |b cze |e rda | ||
| 072 | 7 | |a 821.162.3-3 |x Česká próza |2 Konspekt | |
| 072 | 7 | |a 821-93 |x Literatura pro děti a mládež (beletrie) |2 Konspekt | |
| 080 | |a 821.162.3-32 |2 MRF | ||
| 080 | |a 821-93 |2 MRF | ||
| 080 | |a (0:82-32) |2 MRF | ||
| 100 | 1 | |a Fišarová, Michaela, |d 1971- |7 xx0157853 |4 aut | |
| 245 | 1 | 0 | |a Kanálníčci zachraňují svět / |c Michaela Fišarová ; ilustrovala Aneta Žabková |
| 246 | 3 | 0 | |a Zachraňují svět |
| 250 | |a 1. vydání | ||
| 264 | 1 | |a V Praze : |b Mladá fronta, |c 2025 | |
| 300 | |a 170 stran : |b barevné ilustrace ; |c 22 cm | ||
| 336 | |a text |b txt |2 rdacontent | ||
| 336 | |a statický obraz |b sti |2 rdacontent | ||
| 337 | |a bez média |b n |2 rdamedia | ||
| 338 | |a svazek |b nc |2 rdacarrier | ||
| 520 | 2 | |a Další příběhy strašidýlek z podzemí. Tentokrát pomáhají paní Bídě zachránit její kabelku a místo toho možná zachrání něco úplně jiného. |b Paní Bída, která jindy trousí neštěstí, kudy chodí, ztratila svou tašku plnou smůly. Bez ní má teď pořád dobrou náladu a směje se jak smyslů zbavená, což se ostatním moc nelíbí - vždyť strašidla mají hlavně strašit! Tašku plnou bídy je potřeba najít co nejrychleji, než se celá vysype. Smrďoucha, Sliza Blemcavého a Můru Vysávalku čeká dobrodružství, jaké si nikdy ani nedovedli představit. Nakladatelská anotace. Kráceno. | |
| 521 | 8 | |a Pro čtenáře od 7 let | |
| 655 | 7 | |a české příběhy |7 fd133973 |2 czenas | |
| 655 | 7 | |a publikace pro děti |7 fd133156 |2 czenas | |
| 655 | 9 | |a Czech stories |2 eczenas | |
| 655 | 9 | |a children's literature |2 eczenas | |
| 700 | 1 | |a Žabková, Aneta, |d 1986- |7 xx0192174 |4 ill | |
| 787 | 0 | 8 | |i Z cyklu: |t Kanálníčci |
| 900 | |a ABG001 |b 19 | ||
| 928 | 9 | |a Albatros Media - Mladá fronta | |
| 044 | |a xr | ||
| 910 | |a RBIT002 | ||
| 998 | |d 420342 |a https://core.palmknihy.cz/api/books/420342/cover?sw3dwj |b https://core.palmknihy.cz/api/books/420342/cover/400?sw3dwj |c https://core.palmknihy.cz/api/books/420342/cover/50?sw3dwj |e 2034-12-31 |g 176 |i 9788020464729 |j https://core.palmknihy.cz/api/books/420342/preview.epub |k https://core.palmknihy.cz/api/books/420342/preview.pdf |l |q 49 |r 1 |s https://www.palmknihy.cz/kniha/420342 |t ebook |y 2025 |z 0 | ||
| 999 | |d 312722 | ||